A teaching method for brain-injured and hyperactive children/ (Record no. 238)

MARC details
000 -LEADER
fixed length control field 00556nam a2200181 a 4500
005 - DATE AND TIME OF LATEST TRANSACTION
control field 20260322212012.0
008 - FIXED-LENGTH DATA ELEMENTS--GENERAL INFORMATION
fixed length control field data
010 ## - LIBRARY OF CONGRESS CONTROL NUMBER
LC control number 61-8750
090 ## - LOCALLY ASSIGNED LC-TYPE CALL NUMBER (OCLC); LOCAL CALL NUMBER (RLIN)
Classification number (OCLC) (R) ; Classification number, CALL (RLIN) (NR) LC 4019 C888t 1961
001 - CONTROL NUMBER
control field data
100 1# - MAIN ENTRY--PERSONAL NAME
Personal name Cruickshank, William M.
245 12 - TITLE STATEMENT
Title A teaching method for brain-injured and hyperactive children/
Statement of responsibility, etc. William M. Cruickshank.
260 ## - PUBLICATION, DISTRIBUTION, ETC.
Place of publication, distribution, etc. Syracuse, N.Y.
Name of publisher, distributor, etc. Syracuse University Press
Date of publication, distribution, etc. c1961
300 ## - PHYSICAL DESCRIPTION
Extent xxi, 576 p. illus., tables.
500 ## - GENERAL NOTE
General note Includes bibliographies.
520 ## - SUMMARY, ETC.
Summary, etc. A demonstration-pilot study.
650 02 - SUBJECT ADDED ENTRY--TOPICAL TERM
Topical term or geographic name entry element Disabled Children
General subdivision education
Holdings
Withdrawn status Lost status Damaged status Not for loan Home library Current library Shelving location Date acquired Total checkouts Full call number Barcode Date last seen Price effective from Koha item type
        Centerville Centerville General stacks 22/03/2026   GEN BC0010246 22/03/2026 22/03/2026 Books